Tilastot visalle Valtiot kahden ensimmäisen ja viimeisen kirjaimen mukaan

Klikkaa tästä pelataksesi tätä visaa!

Yleistilastot

  • Tätä visaa on pelattu 10 348 kertaa
  • Keskiarvotulos 170 / 392

Vastaukset kartalla

Vastauksille on annettu kartalla punavihreä väri sen mukaan, kuinka moni on saanut sen oikein.
Ladataan ...
 

Vastaustilastot

maa% Oikein
Kap Verde
91%
Sri Lanka
90%
Etelä-Afrikka
90%
Kanada
90%
Suriname
90%
Sudan
90%
Tanska
90%
Kambodža
90%
Jamaika
90%
Ranska
90%
Kazakstan
90%
Kreikka
90%
Kamerun
90%
Suomi
90%
Venezuela
82%
Venäjä
82%
Nauru
77%
Peru
77%
Ruotsi
77%
Ruanda
77%
Norja
76%
Espanja
76%
Venäjä
76%
Japani
76%
Valko-Venäjä
76%
Jamaika
76%
Norsunluurannikko
74%
Kiina
73%
Turkki
73%
Kirgisia
73%
Tšekki
73%
Kiribati
73%
Myanmar
72%
Yhdistyneet arabiemiirikunnat
72%
Yhdysvallat
72%
Yhdistynyt kuningaskunta
72%
Australia
71%
Norja
71%
San Marino
71%
Mongolia
69%
Namibia
69%
Tunisia
69%
Mauritania
69%
Latvia
69%
Jordania
69%
Indonesia
69%
Intia
69%
Kenia
69%
Georgia
69%
Gambia
69%
Mikronesia
69%
Etiopia
69%
Kirgisia
69%
Liberia
69%
Albania
69%
Kroatia
69%
Pohjois-Makedonia
69%
Kolumbia
69%
Malesia
69%
Bulgaria
69%
Brasilia
69%
Bolivia
69%
Belgia
69%
Armenia
69%
Algeria
69%
Romania
69%
Nigeria
69%
Italia
69%
Slovakia
69%
Saint Lucia
69%
Serbia
69%
Saudi-Arabia
69%
Somalia
69%
Sambia
69%
Tansania
69%
Slovenia
69%
Syyria
69%
Argentiina
68%
Sambia
68%
Saudi-Arabia
68%
Salomonsaaret
68%
Mikronesia
68%
São Tomé ja Príncipe
68%
San Marino
68%
Samoa
68%
Saint Vincent ja Grenadiinit
68%
Saint Lucia
68%
Saint Kitts ja Nevis
68%
Namibia
68%
Nauru
68%
Bosnia ja Hertsegovina
68%
Guyana
68%
Botswana
68%
Ghana
68%
Kiina
68%
Suomi
68%
Ukraina
68%
Saksa
68%
Itä-Timor
67%
Singapore
65%
Australia
65%
Sierra Leone
65%
Ruotsi
65%
Sveitsi
65%
Norsunluurannikko
64%
Brasilia
63%
Kongon demokraattinen tasavalta
63%
Taiwan
63%
Dominikaaninen tasavalta
63%
Tansania
63%
Yhdistynyt kuningaskunta
63%
Tanska
63%
Kolumbia
63%
Keski-Afrikan tasavalta
63%
Guinea-Bissau
63%
Itävalta
63%
Malta
63%
Tadžikistan
63%
Palau
63%
Meksiko
62%
Kongon tasavalta
62%
Komorit
62%
Kongon demokraattinen tasavalta
62%
Marokko
62%
Kosovo
62%
Brunei
62%
Meksiko
59%
Kanada
59%
Ruanda
59%
Grenada
59%
Uganda
59%
Suriname
59%
Antigua ja Barbuda
59%
Malediivit
57%
Benin
56%
Liechtenstein
56%
Mauritania
56%
Mauritius
56%
Marokko
56%
Mali
56%
Malesia
56%
Indonesia
56%
Panama
56%
Malawi
56%
Intia
56%
Madagaskar
56%
Bahama
56%
Malta
56%
Bahrain
56%
Marshallinsaaret
56%
Israel
55%
Saint Kitts ja Nevis
55%
Yhdistyneet arabiemiirikunnat
55%
Islanti
55%
Qatar
54%
Alankomaat
54%
Argentiina
54%
Madagaskar
54%
Armenia
54%
Yhdysvallat
54%
Mali
53%
Andorra
53%
Liberia
53%
Libanon
53%
Libya
53%
Liechtenstein
53%
Portugali
53%
Liettua
53%
Ranska
53%
Mosambik
52%
Mongolia
52%
Montenegro
52%
Moldova
52%
Monaco
52%
Uusi-Seelanti
51%
Irlanti
51%
Islanti
51%
Haiti
51%
Swazimaa
51%
Kiribati
51%
Djibouti
51%
Egypti
51%
Antigua ja Barbuda
49%
Uzbekistan
49%
Bhutan
49%
Azerbaidžan
49%
Angola
49%
Taiwan
49%
Swazimaa
49%
Andorra
49%
Iran
49%
Afganistan
49%
Tadžikistan
49%
Kazakstan
49%
Pakistan
49%
Sudan
49%
Etelä-Sudan
49%
Espanja
49%
Oman
49%
Turkmenistan
49%
Portugali
48%
Pohjois-Makedonia
48%
Pohjois-Korea
48%
Guatemala
47%
Angola
47%
Puola
47%
Venezuela
47%
Laos
47%
Latvia
47%
Iran
46%
Irak
46%
Irlanti
46%
Chile
45%
Alankomaat
44%
Algeria
44%
Nepal
44%
Albania
44%
Senegal
44%
Pakistan
42%
Seychellit
42%
Filippiinit
42%
Itävalta
42%
Paraguay
42%
Papua-Uusi-Guinea
42%
Panama
42%
Palau
42%
Etelä-Afrikka
42%
Komorit
42%
Italia
42%
Päiväntasaajan Guinea
42%
Kuwait
42%
Etelä-Korea
42%
Etelä-Sudan
42%
Saint Vincent ja Grenadiinit
42%
Etiopia
42%
Malediivit
42%
Salomonsaaret
42%
Marshallinsaaret
42%
Nigeria
40%
Niger
40%
Nicaragua
40%
Japani
40%
Lesotho
37%
Chile
37%
Mauritius
35%
Turkki
35%
Tunisia
35%
Tuvalu
35%
Vanuatu
35%
Turkmenistan
35%
Moldova
32%
Vanuatu
32%
Vietnam
32%
Viro
32%
Vatikaanivaltio
32%
Valko-Venäjä
32%
São Tomé ja Príncipe
31%
Peru
31%
Ukraina
28%
Burkina Faso
28%
Egypti
28%
Uusi-Seelanti
28%
Puola
28%
Somalia
28%
Bosnia ja Hertsegovina
26%
Bolivia
26%
Botswana
26%
Romania
24%
Viro
24%
Montenegro
24%
Barbados
23%
Bahama
23%
Bahrain
23%
Bangladesh
23%
Kuuba
23%
Papua-Uusi-Guinea
21%
Etelä-Korea
20%
Pohjois-Korea
20%
Uruguay
20%
Eritrea
20%
Guinea
20%
Päiväntasaajan Guinea
20%
Nicaragua
19%
Belgia
19%
Belize
19%
Benin
19%
Myanmar
19%
Kenia
19%
Keski-Afrikan tasavalta
19%
Liettua
19%
Seychellit
18%
Serbia
18%
Senegal
18%
Kuwait
18%
Kuuba
18%
Kroatia
17%
Kreikka
17%
Thaimaa
17%
Oman
16%
Filippiinit
16%
Afganistan
16%
Fidži
16%
Libya
16%
Tšad
15%
Tšekki
15%
Burkina Faso
15%
Bulgaria
15%
Lesotho
15%
Honduras
15%
Burundi
15%
Irak
14%
Nepal
14%
Niger
14%
Paraguay
14%
Vietnam
14%
Eritrea
14%
Unkari
14%
Sierra Leone
14%
Uruguay
14%
Itä-Timor
13%
Thaimaa
13%
Unkari
13%
Kamerun
13%
Slovakia
12%
Ecuador
12%
Honduras
12%
Slovenia
12%
Jemen
11%
Costa Rica
11%
Monaco
11%
Guinea-Bissau
10%
Guatemala
10%
El Salvador
10%
Guinea
10%
Israel
10%
Luxemburg
10%
Sri Lanka
10%
Guyana
10%
Tuvalu
10%
Tonga
9%
Syyria
9%
Haiti
9%
Tšad
9%
Costa Rica
9%
Dominica
9%
Sveitsi
9%
Ecuador
9%
Gambia
9%
El Salvador
9%
Gabon
9%
Jemen
8%
Kap Verde
8%
Togo
8%
Tonga
8%
Trinidad ja Tobago
7%
Togo
7%
Kongon tasavalta
7%
Dominica
7%
Dominikaaninen tasavalta
7%
Ghana
7%
Uzbekistan
7%
Barbados
6%
Laos
6%
Jordania
6%
Grenada
6%
Azerbaidžan
6%
Uganda
6%
Singapore
6%
Kypros
6%
Samoa
5%
Bhutan
5%
Kosovo
5%
Kypros
5%
Georgia
5%
Zimbabwe
4%
Mosambik
4%
Fidži
4%
Burundi
4%
Trinidad ja Tobago
4%
Malawi
3%
Luxemburg
3%
Libanon
3%
Gabon
3%
Kambodža
3%
Brunei
3%
Vatikaanivaltio
3%
Bangladesh
3%
Qatar
3%
Djibouti
3%
Zimbabwe
3%
Belize
2%

Tulosjakauma

Persentiili vastausten määrän mukaan

Jokaisen tuloksen saaneiden osuus

Tuloshistoriasi

Et ole pelannut tätä visaa